000 00994nam a2200229 4500
001 78386
003 BD-RjUL
005 20211209083126.0
008 210915s1945 qi ||||| |||| 00| 0cara d
035 _a(BD-RjUL) 78612
040 _aBD-RjUL
_beng
_cBD-RjUL
041 _aeng
082 _223
_a297.36
_bREJ 1945
100 _aReda, muhammad Rashid ;; رضا, حمد رشيد
_d ١٨٦٥-١٩٣٥
_9247951
245 _aذكرى المولد النبوي : خلاصة السيرة النبوية وحقيقة الدعوة الاسلامية ;; jikraa almawlid alnabawii : khulasat alsiyrat alnabawiat wahaqiqat aldaewat alaslamia /
_cتاليف محمد رشيد رضا ;; Muhammad Rashid Reza
260 _aالقاهرة : Cairo :
_bمطبعة المنار،;; Al Manar Press,
_c1995
300 _a33 p. ;
_c24 cm
600 _a Muḥammad,( S)
_d632
_9247955
650 _a Muḥammad,
_v Prophet,(s)
_xBiography
_y632.
_9247953
650 _amawlid al - nabawii
_9247956
942 _2ddc
_cBK
999 _c78386
_d78386